Influences of Corporate Governance on the Relationship between Corruption and Economic Growth--Developed Countries versus Emerging Countries (Record no. 300004)
[ view plain ]
| 000 -LEADER | |
|---|---|
| fixed length control field | 00599nam a2200133Ia 4500 |
| 008 - FIXED-LENGTH DATA ELEMENTS--GENERAL INFORMATION | |
| fixed length control field | 160809s9999 xx 000 0 und d |
| 100 ## - MAIN ENTRY--PERSONAL NAME | |
| Personal name | Tseng, Tzu-Yun. |
| 245 ## - TITLE STATEMENT | |
| Title | Influences of Corporate Governance on the Relationship between Corruption and Economic Growth--Developed Countries versus Emerging Countries |
| 245 ## - TITLE STATEMENT | |
| Statement of responsibility, etc | Tzu-Yun Tseng and Tsaur-Chin Wu. |
| 260 ## - PUBLICATION, DISTRIBUTION, ETC. (IMPRINT) | |
| Name of publisher, distributor, etc | International Research Journal of Applied Finance |
| 260 ## - PUBLICATION, DISTRIBUTION, ETC. (IMPRINT) | |
| Date of publication, distribution, etc | July 2016 |
| 650 ## - SUBJECT ADDED ENTRY--TOPICAL TERM | |
| General subdivision | FINANCE |
| 856 ## - ELECTRONIC LOCATION AND ACCESS | |
| Uniform Resource Identifier | <a href="https://nebula.wsimg.com/cab9324610f16bfdc593a93c1c479a3e?AccessKeyId=A83663472B839ECDD54B&disposition=0&alloworigin=1">https://nebula.wsimg.com/cab9324610f16bfdc593a93c1c479a3e?AccessKeyId=A83663472B839ECDD54B&disposition=0&alloworigin=1</a> |
| Withdrawn status | Lost status | Damaged status | Home library | Current library | Date acquired | Total Checkouts | Date last seen | Price effective from | Koha item type |
|---|---|---|---|---|---|---|---|---|---|
| College Library | College Library | 08/09/2016 | 08/09/2016 | 08/09/2016 | Foreign e-journal articles |